<?xml version="1.0" encoding="UTF-8"?>
<collection xmlns="http://www.loc.gov/MARC21/slim">
  <record>
    <leader>00000nam  2200000   4500</leader>
    <controlfield tag="001">INLIS000000000001440</controlfield>
    <controlfield tag="005">20230728083527</controlfield>
    <datafield tag="035" ind1="#" ind2="#">
      <subfield code="a">0010-0723000017</subfield>
    </datafield>
    <controlfield tag="007">ta</controlfield>
    <controlfield tag="008">230728################g##########0#ind##</controlfield>
    <datafield tag="082" ind1="#" ind2="#">
      <subfield code="a">612.607 2</subfield>
    </datafield>
    <datafield tag="084" ind1="#" ind2="#">
      <subfield code="a">612.607 2 HIL p</subfield>
    </datafield>
    <datafield tag="100" ind1=" " ind2="#">
      <subfield code="a">Hilda Sudhana</subfield>
    </datafield>
    <datafield tag="245" ind1="1" ind2="#">
      <subfield code="a">Pengembangan program pembinaan perilaku reproduksi sehat remaja di bali :</subfield>
      <subfield code="b">Tahap Intervensi /</subfield>
      <subfield code="c">Hilda Sudhana; Adi Janti Marheni ; Suyasning H.I ; made Suartama</subfield>
    </datafield>
    <datafield tag="250" ind1="#" ind2="#">
      <subfield code="a">-</subfield>
    </datafield>
    <datafield tag="260" ind1="#" ind2="#">
      <subfield code="a">Denpasar :</subfield>
      <subfield code="b">Hilda Sudhana; Adi Janti Marheni ; Suyasning H.I ;made Suartama,</subfield>
      <subfield code="c">1993</subfield>
    </datafield>
    <datafield tag="300" ind1="#" ind2="#">
      <subfield code="a">28 hlm :</subfield>
      <subfield code="b">- ;</subfield>
      <subfield code="c">29,8 cm</subfield>
    </datafield>
    <datafield tag="650" ind1="#" ind2="4">
      <subfield code="a">LAPORAN PENELITIAN OPERASIONAL</subfield>
    </datafield>
    <datafield tag="700" ind1=" " ind2="#">
      <subfield code="a">Adi Janti Marheni</subfield>
    </datafield>
    <datafield tag="700" ind1=" " ind2="#">
      <subfield code="a">Suyasning H.I</subfield>
    </datafield>
    <datafield tag="700" ind1=" " ind2="#">
      <subfield code="a">Made Suartama</subfield>
    </datafield>
    <datafield tag="520" ind1="#" ind2="#">
      <subfield code="a">Kecenderungan terjadinya hubungan seksual dan kehamilan sebelum nikah serta pengguguran kandungan pada rejama menjunjukan adanya masalah reproduksi sehat di kalangan rejama.</subfield>
    </datafield>
    <datafield tag="990" ind1="#" ind2="#">
      <subfield code="a">B-2023-00019</subfield>
    </datafield>
  </record>
</collection>
